Adventures in coding
Want to code but don't have a clue how to get started? Coding experts, Eva Holland and Chris Minnick teach you the easy way to learn how to go from newbie to app-builder in no time at all. The book's 11 awesome projects show you how to master fundamental programming skills so you can go fr...
Gorde:
| Egile nagusia: | |
|---|---|
| Formatua: | Liburua |
| Hizkuntza: | Undetermined |
| Argitaratua: |
Indianapolis, IN
Wiley
2016
|
| Gaiak: | |
| Etiketak: |
Etiketa erantsi
Etiketarik gabe, Izan zaitez lehena erregistro honi etiketa jartzen!
|
| Thư viện lưu trữ: | Trung tâm Học liệu Trường Đại học Cần Thơ |
|---|
| LEADER | 00897nam a2200205Ia 4500 | ||
|---|---|---|---|
| 001 | CTU_227836 | ||
| 008 | 210402s9999 xx 000 0 und d | ||
| 082 | |a 005.1 | ||
| 082 | |b H734 | ||
| 100 | |a Holland, Eva | ||
| 245 | 0 | |a Adventures in coding | |
| 245 | 0 | |c Eva Holland and Chris Minnick | |
| 260 | |a Indianapolis, IN | ||
| 260 | |b Wiley | ||
| 260 | |c 2016 | ||
| 520 | |a Want to code but don't have a clue how to get started? Coding experts, Eva Holland and Chris Minnick teach you the easy way to learn how to go from newbie to app-builder in no time at all. The book's 11 awesome projects show you how to master fundamental programming skills so you can go from basic to more challenging projects. | ||
| 650 | |a Phần mềm ứng dụng,Application software | ||
| 650 | |x Phát triển,Development | ||
| 910 | |b nthai | ||
| 980 | |a Trung tâm Học liệu Trường Đại học Cần Thơ | ||